00350pab a2200121 454500008004000000100002000040245009700060260000900157300001300166362001100179650002300190773001500213180718b2012 xxu||||| |||| 00| 0 eng d aGatade, Subhash aSeventy five years of Bhonsala military school: Militarising minds, Hindutvaising the nation c2012 ap.17-22. a12 May aMilitary education aMainstream